LIBRARY & INFORMATION CENTRE, KCAET, TAVANUR

ONLINE PUBLIC ACCESS CATALOGUE (OPAC)

Heat and mass transfer: Data book (Record no. 13927)

MARC details
000 -LEADER
fixed length control field 00266nam a22001097a 4500
082 ## - DEWEY DECIMAL CLASSIFICATION NUMBER
Classification number 621.402
Item number DOM/HE
100 ## - MAIN ENTRY--AUTHOR NAME
Personal name Domkundwar, A.V
245 ## - TITLE STATEMENT
Title Heat and mass transfer: Data book
260 ## - PUBLICATION, DISTRIBUTION, ETC. (IMPRINT)
Place of publication Delhi
Name of publisher Dhanpat Rai & Co
Year of publication 2011
700 ## - ADDED ENTRY--PERSONAL NAME
Personal name Domkundwar, V.M
942 ## - ADDED ENTRY ELEMENTS (KOHA)
Koha item type Books
Holdings
Withdrawn status Lost status Damaged status Collection code Home library Current library Shelving location Date acquired Source of acquisition Cost, normal purchase price Full call number Accession Number Koha item type
      Non-fiction KAUAET KAUAET General Stacks 30/03/2013 Calicut Book Distributors 140.00 621.402 DOM/HE 23658 Books
free website counter